Cross-Border Financial Surveillance : A Network Perspective /

Effective cross-border financial surveillance requires the monitoring of direct and indirect systemic linkages. This paper illustrates how network analysis could make a significant contribution in this regard by simulating different credit and funding shocks to the banking systems of a number of sel...

Ամբողջական նկարագրություն

Մատենագիտական մանրամասներ
Հիմնական հեղինակ: Sole, Juan
Այլ հեղինակներ: Espinosa-Vega, Marco
Ձևաչափ: Ամսագիր
Լեզու:English
Հրապարակվել է: Washington, D.C. : International Monetary Fund, 2010.
Շարք:IMF Working Papers; Working Paper ; No. 2010/105
Առցանց հասանելիություն:Full text available on IMF
LEADER 01861cas a2200253 a 4500
001 AALejournalIMF006409
008 230101c9999 xx r poo 0 0eng d
020 |c 5.00 USD 
020 |z 9781455200641 
022 |a 1018-5941 
040 |a BD-DhAAL  |c BD-DhAAL 
100 1 |a Sole, Juan. 
245 1 0 |a Cross-Border Financial Surveillance :   |b A Network Perspective /  |c Juan Sole, Marco Espinosa-Vega. 
264 1 |a Washington, D.C. :  |b International Monetary Fund,  |c 2010. 
300 |a 1 online resource (27 pages) 
490 1 |a IMF Working Papers 
500 |a <strong>Off-Campus Access:</strong> No User ID or Password Required 
500 |a <strong>On-Campus Access:</strong> No User ID or Password Required 
506 |a Electronic access restricted to authorized BRAC University faculty, staff and students 
520 3 |a Effective cross-border financial surveillance requires the monitoring of direct and indirect systemic linkages. This paper illustrates how network analysis could make a significant contribution in this regard by simulating different credit and funding shocks to the banking systems of a number of selected countries. After that, we show that the inclusion of risk transfers could modify the risk profile of entire financial systems, and thus an enriched simulation algorithm able to account for risk transfers is proposed. Finally, we discuss how some of the limitations of our simulations are a reflection of existing information and data gaps, and thus view these shortcomings as a call to improve the collection and analysis of data on cross-border financial exposures. 
538 |a Mode of access: Internet 
700 1 |a Espinosa-Vega, Marco. 
830 0 |a IMF Working Papers; Working Paper ;  |v No. 2010/105 
856 4 0 |z Full text available on IMF  |u http://elibrary.imf.org/view/journals/001/2010/105/001.2010.issue-105-en.xml  |z IMF e-Library